| 000 | 02899nam a2200721 i 4500 | ||
|---|---|---|---|
| 001 | 48951 | ||
| 003 | ES-MaACL | ||
| 005 | 20230906161843.0 | ||
| 007 | t| | ||
| 008 | 030703s1840 fr ||||1| fre d | ||
| 100 | 1 |
_aCorneille, Pierre. _940602 |
|
| 245 | 1 | 0 |
_aOeuvres complètes / _cde P. Corneille ; suivies des oeuvres choisies de Th. Corneille avec les notes de tous les commentateurs. |
| 260 |
_aParis : _bFirmin Didot, _c1840. |
||
| 300 |
_a2 v. ; _c25 cm. |
||
| 505 | 8 | _aContiene: T. I: Vie de Corneille. Mélite. Clitandre. La veuve. La galerie du palais. La suivante. La place royale. Médée. L'illusion. Le Cid. Horace. Cinna, su la clémence d'Auguste. Polyeucte, martyr. Pompée. Le menteur. La suite de menteur. Théodore. Rodogune. Héraclius. Andromède. Don Sanche d'Aragon. Nicomède. Pertharite. T. II: Oedipe. La conquête de la maison d'or. Sertorius. Sophonisbe. Othon. Agésilas. Attila. Tite et Bérénice. Pulchérie. Suréna. Psyché. L'invitation de Jésus-Christ, traduite et paraphrasée en vers français. Poésies diverses. Poemes sur les victoires du roy. Louanges de la Sainte Vierge. Psaumes, cantiques et himnes traduits. Poésies latines. Discours, lettres et autres oeuvres en prose. Lettres de Corneille. Pièces concernant le Cid. Pièces relatives a Corneille. Oeuvres choisies de Thomas Corneille | |
| 700 | 1 |
_aCorneille, Thomas. _940604 |
|
| 740 | 0 | _aVie de Corneille. | |
| 740 | 0 | _aMélite. | |
| 740 | 0 | _aClitandre. | |
| 740 | 3 | _aLa veuve. | |
| 740 | 3 | _aLa galerie du palais. | |
| 740 | 3 | _aLa suivante. | |
| 740 | 3 | _aLa place royale. | |
| 740 | 0 | _aMédée. | |
| 740 | 0 | _aL'illusion. | |
| 740 | 3 | _aLe Cid. | |
| 740 | 0 | _aHorace. | |
| 740 | 0 | _aCinna. | |
| 740 | 0 | _aPolyeucte, martyr. | |
| 740 | 0 | _aPompée. | |
| 740 | 3 | _aLe menteur. | |
| 740 | 3 | _aLa suite de menteur. | |
| 740 | 0 | _aThéodore. | |
| 740 | 0 | _aRodogune. | |
| 740 | 0 | _aHéraclius. | |
| 740 | 0 | _aAndromède. | |
| 740 | 0 | _aDon Sanche d'Aragon. | |
| 740 | 0 | _aNicoméde. | |
| 740 | 0 | _aPertharite. | |
| 740 | 0 | _aOedipe. | |
| 740 | 3 | _aLa conquête de la maison d'or. | |
| 740 | 0 | _aSertorius. | |
| 740 | 0 | _aSophonisbe. | |
| 740 | 0 | _aOthon. | |
| 740 | 0 | _aAgésilas. | |
| 740 | 0 | _aAttila. | |
| 740 | 0 | _aTite et Bérénice. | |
| 740 | 0 | _aPulchérie. | |
| 740 | 0 | _aSuréna. | |
| 740 | 0 | _aPsiché. | |
| 740 | 2 | _aL'invitation de Jésus-Christ. | |
| 740 | 0 | _aPoésies diverses. | |
| 740 | 0 | _aPoemes sur les victoires du roy. | |
| 740 | 0 | _aLouanges de la Sainte Vierge. | |
| 740 | 0 | _aPsaumes, cantiques et himnes traduits. | |
| 740 | 0 | _aPoésies latines. | |
| 740 | 0 | _aDiscours, lettres et autres oeuvres en prose. | |
| 740 | 0 | _aLettres de Corneille. | |
| 740 | 0 | _aPiéces concernant le Cid. | |
| 740 | 0 | _aPiéces relatives a Corneille. | |
| 740 | 0 | _aOeuvres choisies de Thomas Corneille. | |
| 852 |
_aES-MaACL _jF-8526-27 |
||
| 999 |
_c48951 _d48951 |
||